000 01062nam a2200301 i 4500
001 000020929
003 DO-SdBNP
005 20240730113208.0
007 ta
008 100824s1997 dr d 000 0 spa d
040 _aDO-SdBNP
_bspa
_cBNPHU
_erda
082 4 _a001.4203
_bR977d
_222
100 1 _aRutinel Domínguez, José Ulises,
_936435
_eautor
245 1 0 _aDiccionario de investigación científica /
_cJosé Ulises Rutinel Domínguez.
264 _aSanto Domingo :
_bUASD,
_c1997.
300 _a273 páginas ;
_c21 cm.
336 _2rdacontent
_atexto
_btxt
337 _2rdamedia
_asin mediación
_bn
338 _2rdacarrier
_avolumen
_bnc
490 0 _aPublicaciones de la Universidad Autónoma de Santo Domingo ;
_v835
490 0 _aFilosofía y sociedad ;
_v6
504 _aBibliografía : páginas 253-273
590 _aInventariado, 2024/BT
650 4 _aInvestigación científica
_vDiccionarios
_xEspañol
_943851
710 2 _aUniversidad Autónoma de Santo Domingo
_972951
910 _aValidado. Control de calidad MFF
942 _2ddc
_cLBS1
999 _c20432
_d20432